Statistics for All Dance Gavin Dance Songs

Click here to take the quiz!

General Stats

  • This quiz has been taken 26 times
    (15 since last reset)
  • The average score is 79 of 143

Answer Stats

AlbumSongs% Correct
WISIROThe Robot With Human Hair, Pt. 1
90%
WISIROThe Robot With Human Hair, Pt. 2
90%
DeathstarAlex English
80%
Downtown Battle MountainAnd I Told Them I Invented Times New Roman
80%
Downtown Battle MountainAntlion
80%
WISIROBurning Down The Nicotine Armoire
80%
DeathstarBurning Down The Nicotine Armoire, Pt. 2
80%
HappinessStrawberry Swisher, Pt. 1
80%
Downtown Battle Mountain IIThe Robot with Human Hair Pt.2 1/2
80%
DeathstarThe Robot With Human Hair, Pt. 3
80%
HappinessHappiness
70%
Downtown Battle MountainLemon Meringue Tie
70%
HappinessNASA
70%
Downtown Battle MountainOpen Your Eyes and Look North
70%
Downtown Battle MountainStrawberry André
70%
HappinessStrawberry Swisher, Pt. 2
70%
Downtown Battle MountainThe Backwards Pumpkin Song
70%
Acceptance SpeechThe Robot with Human Hair pt. 4
70%
Downtown Battle Mountain IIThug City
70%
Downtown Battle MountainTurn Off the Lights, I'm Watching Back to the Future
70%
DeathstarUneasy Hearts Weigh The Most
70%
Downtown Battle MountainUntitled
70%
WISIROWhatever I Say Is Royal Ocean
70%
Acceptance SpeechAcceptance Speech
60%
Instant GratificationAwkward
60%
MothershipBetrayed By The Game
60%
Artificial SelectionBloodsucker
60%
SinglesBlood Wolf
60%
Downtown Battle Mountain IIBlue Dream
60%
DeathstarBuffalo!
60%
Artificial SelectionCare
60%
HappinessCarl Barker
60%
MothershipChucky vs. The Giant Tortoise
60%
Artificial SelectionCount Bassy
60%
Jackpot JuicerCream Of The Crop
60%
Instant GratificationDeath Of A Strawberry
60%
Acceptance SpeechDeath of the Robot with Human Hair
60%
HappinessDon't Tell Dave
60%
Artificial SelectionEvaporate
60%
MothershipFlossie Dickey Bounce
60%
MothershipFrozen One
60%
Artificial SelectionHair Song
60%
SinglesHead Hunter
60%
Downtown Battle Mountain IIHeat Seeking Ghost Of Sex
60%
DeathstarHot Water On Wool
60%
MothershipInspire The Liars
60%
Downtown Battle MountainIt's Safe to Say You Dig the Backseat
60%
Acceptance SpeechJesus H. Macy
60%
Instant GratificationLegend
60%
MothershipMan Of The Year
60%
DeathstarMe And Zoloft Get Along Just Fine
60%
Downtown Battle Mountain IINeed Money
60%
AfterburnerOne in a Million
60%
Instant GratificationOn The Run
60%
MothershipPhilosopher King
60%
HappinessPowder to the People
60%
AfterburnerPrisoner
60%
Downtown Battle Mountain IIPrivilously Poncheezied
60%
HappinessSelf-Trepanation
60%
DeathstarSkyhook
60%
Artificial SelectionSon of Robot
60%
Artificial SelectionStory Of My Bros
60%
Acceptance SpeechStrawberry Swisher pt. 3
60%
Jackpot JuicerSynergy
60%
SinglesThe Ghost of Billy Royalton
60%
WISIROThe Importance Of Cocaine
60%
WISIROTidal Waves: Breakfast, Lunch And Dinner
60%
HappinessTree Village
60%
Jackpot JuicerUntitled 2
60%
Instant GratificationVariation
60%
SinglesWar Machine
60%
MothershipYoung Robot
60%
Downtown Battle Mountain12 Hours, 630 Miles
50%
AfterburnerBorn To Fail
50%
Acceptance SpeechCarve
50%
DeathstarCaviar
50%
MothershipChocolate Jackalope
50%
Jackpot JuicerCurrent Events
50%
MothershipDeception
50%
Jackpot JuicerDie Another Day
50%
Acceptance SpeechDoom & Gloom
50%
Downtown Battle Mountain IIElder Goose
50%
MothershipExposed
50%
Artificial SelectionFlash
50%
Jackpot JuicerFor The Jeers
50%
Jackpot JuicerHave A Great Life
50%
MothershipHere Comes The Winner
50%
Jackpot JuicerHoly Ghost Spirit
50%
Acceptance SpeechHoney Revenge
50%
HappinessI'm Down With Brown Town
50%
AfterburnerInto The Sunset
50%
Jackpot JuicerLong Nights In Jail
50%
Instant GratificationLost
50%
AfterburnerLyrics Lie
50%
Artificial SelectionMidnight Crusade
50%
AfterburnerNight Sway
50%
AfterburnerNothing Shameful
50%
Jackpot JuicerOne Man's Cringe
50%
AfterburnerParallels
50%
DeathstarPeople You Know
50%
SinglesPerfect
50%
MothershipPetting Zoo Justice
50%
Jackpot JuicerPolka Dot Dobbins
50%
Jackpot JuicerPop Off!
50%
Downtown Battle Mountain IIPounce Bounce
50%
Jackpot JuicerPray To God For Your Mother
50%
SinglesPussy Vultures
50%
DeathstarReprogramming Mental Preprogramming
50%
DeathstarRock Solid
50%
AfterburnerSay Hi
50%
Instant GratificationShark Dad
50%
AfterburnerStrawberry's Wake
50%
Instant GratificationStroke God, Millionaire
50%
SinglesSummertime Gladness
50%
Downtown Battle MountainSurprise! I'm From Cuba, Everyone Has One Brain
50%
Artificial SelectionSuspended In This Disaster
50%
Jackpot JuicerSwallowed By Eternity
50%
Instant GratificationThe Cuddler
50%
AfterburnerThree Wishes
50%
Jackpot JuicerTwo Secret Weapons
50%
Instant GratificationWe Own The Night
50%
Jackpot JuicerBack On Deck
40%
AfterburnerCalentamiento Global
40%
Acceptance SpeechDemo Team
40%
Instant GratificationEagle vs. Crows
40%
Jackpot JuicerEmber
40%
Jackpot JuicerFeels Bad Man
40%
AfterburnerParody Catharsis
40%
SinglesPeople You Knew
40%
Downtown Battle Mountain IIPurple Reign
40%
Artificial SelectionSlouch
40%
Instant GratificationSomething New
40%
Downtown Battle Mountain IISpooks
40%
Downtown Battle Mountain IISwan Soup
40%
Acceptance SpeechThe Jiggler
40%
Artificial SelectionThe Rattler
40%
WISIROThe Robot vs. Heroin Battle Of Vietnam
40%
Artificial SelectionGospel Burnout
30%
Artificial SelectionShelf Life
30%
Acceptance SpeechTurn Off the lights, I'm Watching Back to the Future pt. II
30%
SinglesAttack Of The Young Dashing And Bold
10%
SinglesIndie Song
10%

Score Distribution

Percentile by Number Answered

Percent of People with Each Score

Your Score History

You have not taken this quiz since the last reset